000 00795 a2200217 4500
010 _aENG-89865
020 _a8124113912
_c495.00
035 _aEN-73398
037 _bDBAD / PUB
082 1 4 _a303.625
090 _c11913
_d11913
100 1 _aZaki, M.M.
245 1 _aGlobal war on terror:
_bshadow of fear or ray of hope/
_cby M.M. Zaki
260 _aNew Delhi
_bHar-Anand Publications
_c2008
270 _aE-49/3, Okhla Induatrial Area, Phase-II
_bNew Delhi
_e110020
_k41603490
_l41708607
300 _a288p.
_c22 cm. (Hb)
490 _aMilitary affairs series; edited by Maroof Raza
500 _aIncludes bibliographical references & index.
942 _adpl
_cEN
_k303.625 / ZAK
999 _c11559
_d11559